000 00556nam a2200193Ia 4500
005 20250923144429.0
008 008 250917s9999 xx 000 0 eng d
037 _aTextual
040 _aDSWL
_beng
_cDSWL
041 _aeng
_2eng
084 _aYX,A;5-B.1'N51t4, N52
_qDSWL
245 0 _aEconomic measures in favour of the family
_cby Dept. of Social Affairs United Nations
260 _c1952
300 _a173 p.
365 _aUSD
_b1.25
925 _g1.25
942 _cTEXL
_hYX,A;5-B.1'N51t4, N52
999 _c1438790
_d1438790